Central Library OPAC University of Rajshahi

Opinions, publics and pressure groups : (Record no. 41660)

MARC details
000 -LEADER
fixed length control field 00994nam a2200289 a 4500
001 - CONTROL NUMBER
control field 41660
003 - CONTROL NUMBER IDENTIFIER
rucl marc code BD-RjUL
005 - DATE AND TIME OF LATEST TRANSACTION
control field 20211209053429.0
008 - FIXED-LENGTH DATA ELEMENTS--GENERAL INFORMATION
fixed length control field 160604s1970 enk b 001 0 eng d
020 ## - INTERNATIONAL STANDARD BOOK NUMBER
International Standard Book Number 0043220010
International Standard Book Number 0043220029 (pbk)
035 ## - SYSTEM CONTROL NUMBER
System control number (BD-RjUL)41778
040 ## - CATALOGING SOURCE
Original cataloging agency DLC
Transcribing agency DLC
Language of cataloging eng
Modifying agency BD-RjUL
041 ## - LANGUAGE CODE
Language code of text/sound track or separate title eng
082 ## - DEWEY DECIMAL CLASSIFICATION NUMBER
Classification number 321.8
Author mark and year MOO 1970
100 1# - MAIN ENTRY--PERSONAL NAME
Personal name Moodie, Graeme C.
9 (RLIN) 127959
245 10 - TITLE STATEMENT
Title Opinions, publics and pressure groups :
Remainder of title an essay on 'Vox Populi' and representative government /
Statement of responsibility, etc. by Graeme C. Moodie and Gerald Studdert-Kennedy.
260 ## - PUBLICATION, DISTRIBUTION, ETC. (IMPRINT)
Place of publication, distribution, etc. London :
Name of publisher, distributor, etc. Allen & Unwin,
Date of publication, distribution, etc. 1970.
300 ## - PHYSICAL DESCRIPTION
Pagination 115 p. ;
Size 23 cm.
490 1# - SERIES STATEMENT
Series statement Studies in political science ;
Volume/sequential designation 6
504 ## - BIBLIOGRAPHY, ETC. NOTE
Bibliography, etc Includes bibliographical references and index.
650 #0 - SUBJECT ADDED ENTRY--TOPICAL TERM
Topical term or geographic name as entry element Pressure groups.
9 (RLIN) 127960
Topical term or geographic name as entry element Public opinion.
9 (RLIN) 127961
700 1# - ADDED ENTRY--PERSONAL NAME
Personal name Studdert-Kennedy, Gerald.
830 #0 - SERIES ADDED ENTRY--UNIFORM TITLE
Uniform title Studies in political science (George Allen & Unwin) ;
Volume number/sequential designation 6.
942 ## - ADDED ENTRY ELEMENTS (KOHA)
Source of classification or shelving scheme Dewey Decimal Classification
Koha item type Books
Holdings
Lost status Source of classification or shelving scheme Damaged status Not for loan Collection code Permanent Location Current Location Shelving location Date acquired Source of acquisition Cost, normal purchase price Total Checkouts Full call number Date last seen Copy number Koha item type
  Dewey Decimal Classification   Not For Loan Non-fiction Central Library, University of Rajshahi Central Library, University of Rajshahi Reading Room 12/07/1972 Book centre 39.60   321.8 MOO 1970 04/06/2016 C-1 Books